书目信息 |
| 题名: |
全球地理信息资源数字正射影像生产技术规范
|
|
| 作者: | ;中华人民共和国自然资源部 发布 | |
| 分册: | ||
| 出版信息: | 北京 测绘出版社 2023.12 |
|
| 页数: | 13页 | |
| 开本: | 30cm | |
| 丛书名: | ||
| 单 册: | ||
| 中图分类: | P231.5-65 | |
| 科图分类: | ||
| 主题词: | 数字化测图--正射影象地图--技术规范--中国 | |
| 电子资源: | ||
| ISBN: | 978-7-5030-4501-1 | |
| 000 | 01286nam0 2200289 450 | |
| 001 | 96792 | |
| 005 | 20250913134651.51 | |
| 010 | @a978-7-5030-4501-1@dCNY22.00 | |
| 100 | @a20241118d2023 em y0chiy50 ea | |
| 101 | 0 | @achi |
| 102 | @aCN@b110000 | |
| 105 | @ay l 000yy | |
| 106 | @ar | |
| 106 | @ar | |
| 200 | 1 | @a全球地理信息资源数字正射影像生产技术规范@b专著@dGlobal geographic information resources: digital orthophoto map production specifications@f中华人民共和国自然资源部发布@zeng@Aquan qiu di li xin xi zi yuan shu zi zheng she ying xiang sheng chan ji shu gui fan |
| 210 | @a北京@c测绘出版社@d2023.12 | |
| 215 | @a13页@d30cm | |
| 300 | @a2022-07-10发布 2022-11-01实施 | |
| 300 | @a中华人民共和国测绘行业标准 CH/T 9034-2022 | |
| 304 | @a本书无题名页,200字信息取自封面 | |
| 330 | @a本书规定了全球地理信息数字正射影像的成果构成、生产作业流程及技术要求、质量控制、成果整理与提交等。 | |
| 510 | 1 | @aGlobal geographic information resources: digital orthophoto map production specifications@zeng |
| 606 | 0 | @a数字化测图@x正射影象地图@x技术规范@y中国 |
| 690 | @aP231.5-65@v5 | |
| 711 | 02 | @a中华人民共和国自然资源部@4发布@Azhong hua ren min gong he guo zi ran zi yuan bu |
| 801 | 0 | @aCN@c20250909 |
| 905 | @dP231.5-65@eZ957-2@a河南城建学院图书馆 | |
| 全球地理信息资源数字正射影像生产技术规范=Global geographic information resources: digital orthophoto map production specifications/中华人民共和国自然资源部发布.-北京:测绘出版社,2023.12 |
| 13页;30cm |
| 2022-07-10发布 2022-11-01实施.-中华人民共和国测绘行业标准 CH/T 9034-2022 |
| ISBN 978-7-5030-4501-1:CNY22.00 |
| 本书规定了全球地理信息数字正射影像的成果构成、生产作业流程及技术要求、质量控制、成果整理与提交等。 |
| ● |
| 相关链接 |
|
|
|
正题名:全球地理信息资源数字正射影像生产技术规范
索取号:P231.5-65/Z957-2
 
预约/预借
| 序号 | 登录号 | 条形码 | 馆藏地/架位号 | 状态 | 备注 |
| 1 | 1638314 | 216383143 | 自科库401/401自科库 123排2列6层/ [索取号:P231.5-65/Z957-2] | 在馆 |